1624 1835 1093 1428 1772 1600 1400 1334 1335 1159 1659 1579 1092 1744 1434 1299 1347 1249 1785 1113 1531 1269 1847 1552 1048 1575 1644 1278 1145 1613 1430 1637 1045 1217 1564 1387 1043 1025 1259 1071 1288 1015 1799 1670 1314 1524 1193 1521 1047 1070 1068 1706 1113 1002 1309 1679 1720 1531 1988 1463 1482 1045 1147 1916 1304 1807 1442 1486 1244 1927 1562 1150 1300 1800 1882 1589 1249 1039 1200 1593 1940 1879 1911 1938 1854 1708 1471 1697 1540 1058 1760 1785 1281 1406 1779 1988 1398 1101 1231 BCNSPRNW ULIB Ver.6.0+V

เปลี่ยนเป็นภาษาไทย

Change to English
 แสดงรายละเอียดบรรณานุกรม
  กลับหน้าหลัก

Brief Record : Get Marc (ISO 2709) : E-mail record : QR code < ปิดหน้าต่าง
LEADER : 00000nam 2200000uu 4500
001    13399122861
003     ULIB
008    020711s2549 th a 000 0 tha d
020    9749804708
020    9789749804704
090    นว.^bค163อ
100    คริสโตเฟอร์ เปาลินี ;^eเขียน
245    เอรากอน =^nEragon /^cเขียน ; คริสโตเฟอร์ เปาลินี, แปล ; สุดจิต ภิญโญยิ่ง
250    พิมพ์ครั้งที่ 4
260    กรุงเทพฯ :^bแพรวเยาวชน,^c2549
300    597 หน้า
700    สุดจิต ภิญโญยิ่ง ;^eแปล
945    ^p415^l0^i019659
999    ^aทศพร
รายการนี้ยังไม่มีแท็ก
คุณยังไม่ได้ล็อกอิน คุณสามารถมีกิจกรรมร่วมกับเว็บไซต์ได้ แต่ต้องล็อกอินก่อน ::
  ล็อกอิน

รายการสื่อสารสนเทศ

ลำดับที่ ประเภท เลขเรียก/บาร์โค้ด สถานที่ สถานะ
1. นวนิยาย
นวนิยาย
นว. ค163อ ฉ.1 
  Barcode: 019659
ห้องสมุดวิทยาเขตสวรรค์ประชารักษ์
►นวนิยาย
บนชั้น
  ขอยืม

BibComment


ยังไม่เคยถูกคอมเมนท์

คอมเมนท์ทรัพยากรรายการนี้
  คอมเมนท์: เอรากอน Eragon ..


 Copyright 2026. Bcnsprnw @Library